Elenco Bahia 2025 - Statistics

Estatísticas Gerais
  • Esse quiz foi jogado 18 vezes
  • A pontuação média é 24 de 31
Estatísticas das Respostas
Dica Resposta % Correto
(16) Ponta Esquerda Erick Pulga
100%
(46) Lateral-Esquerdo Luciano Juba
100%
(96) Goleiro Ronaldo Strada
100%
(12) Centroavante Willian José
100%
(02) Lateral-Direito Gilberto
93%
(06) Meia Central Jean Lucas
93%
(04) Zagueiro Victor Kanu
93%
(07) Ponta Direita Ademir
87%
(19) Volante Caio Alexandre
87%
(08) Meia-Atacante Cauly
87%
(14) Meia-Atacante Erick Luis
87%
(10) Ponta Direita Everton Ribeiro
87%
(25) Lateral-Esquerdo Iago Borduchi
87%
(17) Centroavante Luciano Rodríguez
87%
Técnico Rogério Ceni
80%
(21) Zagueiro Santiago Ramos Mingo
80%
(22) Meia Central Rodrigo Nestor
73%
(03) Zagueiro Gabriel Xavier
73%
(22) Goleiro Marcos Felipe
73%
(13) Lateral-Direito Santiago Arias
73%
(77) Centroavante Tiago
73%
(21) Ponta Esquerda Michel Araújo
67%
(26) Volante Nicolás Acevedo
67%
(33) Zagueiro David Duarte
60%
(23) Ponta Esquerda Mateo Sanabria
60%
(52) Seg. Atacante Ruan Pablo
60%
(37) Ponta Direita Kayky Chagas
53%
(05) Volante Rezende
53%
(83) Zagueiro Fredi Lippert
47%
(66) Lateral-Direito Zé Guilherme
40%
(57) Ponta Direita Kauê Furquim
33%
Nenhum quiz correspondente encontrado
Distribuição das Pontuações
Porcentagem de Pessoas com Cada Pontuação
Percentil de Números Respondidos
Sua Pontuação Histórica
Você não jogou esse quiz